000 00491cam a22001337a 4500
008 180718b1955 xxu||||| |||| 00| 0 eng d
082 _aI5135x54 In2 1953
100 _aStates reorganisation commission
245 _aReport of the states reorganisation commission
_cby States reorganisation commission
260 _aDelhi
_bThe Manager Of Publiactions
_c1955
300 _aii, 267p
650 _aState governments --India.
650 _aIndia (Republic) States Reorganization Commission. Report
999 _c415467
_d415467